000 00548 a2200193 4500
001 61323
005 20260407155903.0
008 260407a1966 arg spa d
003 AR-UNSa-BCEJYS
040 _aAR-UNSa-BCEJYS
_bspa
_cAR-UNSa-BCEJYS
080 _a336.2
_xIngresos públicos (Derecho tributario)
245 1 0 _aEstudios financieros
264 1 _aBuenos Aires :
_bAbeledo Perrot
_c1966
300 _a516 p.
_c23 cm.
041 _aspa
942 _cBK
590 _aniveau_biblio:m niveau_hierar:0
100 1 _aGarcía Belsunse, Horacio A.
999 _c7271
_d7271